=LDR 00000nam 2200000 4500 =001 INLIS000000000055194 =005 20201125112018 =035 ##$$a 0010-0320000301 =008 201125################g##########0#ind## =041 ##$$a Ind =082 ##$$a 232.04 =090 ##$$a 232.04, Mud d =100 1#$$a Mudhary, Bahaudin =245 1#$$a Dialog masalah ketuhanan Yesus /$c KH. Bahaudin Mudhary =260 ##$$a [ s.l ] :$b Pustaka Da'i,$c 2001 =300 ##$$a xi, 143 hlm., ; $c 15 x 23 cm =850 ##$$a NBPNMAT =084 ##$$a 232.04 MUD d =250 ##$$a cet.7 =600 #4$$a Yesus =990 ##$$a 10405971 =990 ##$$a 156.659 pb.2000